[Event "Morbihan-ch 0607"]
[Site "Morbihan"]
[Date "2006.12.02"]
[Round "2"]
[White "Deslias, Gregoire"]
[Black "Boucaud, Anthony"]
[Result "0-1"]
[WhiteElo "1610"]
[BlackElo "1880"]
[PlyCount "142"]
[EventDate "2006.10.21"]
[EventType "swiss"]
[EventRounds "7"]
[EventCountry "FRA"]
[SourceTitle "EXT 2009"]
[Source "ChessBase"]
[SourceDate "2008.11.26"]
[SourceVersion "1"]
[SourceVersionDate "2008.11.26"]
[SourceQuality "1"]

1. d4 d5 2. c4 c6 3. Nc3 Nf6 4. Bf4 a6 5. e3 Bf5 6. Nf3 Nbd7 7. Be2 b5 8. c5 Nh5 9. Bg3 Nxg3 10. fxg3 e5 11. b4 e4 12. Nd2 Qg5 13. Kf2 Nf6 14. h3 h5 15. Nb3 Be7 16. Na5 Bd7 17. Rf1 Bd8 18. Nb7 Bc7 19. Nd6+ Bxd6 20. cxd6 Ng8 21. a3 f6 22. g4 hxg4 23. Bxg4 f5 24. Be2 f4 25. exf4 Qxf4+ 26. Ke1 Qg3+ 27. Kd2 e3+ 28. Kc2 Bf5+ 29. Kb2 Qxg2 30. Qc1 Rxh3 31. Kb3 Qg3 32. Rf3 Qg5 33. Rxh3 Bxh3 34. Nd1 Kd7 35. Nc3 Nf6 36. Qg1 Qxg1 37. Rxg1 Bf5 38. Rg3 Re8 39. Nd1 Bg4 40. Rxg4 Nxg4 41. Bxg4+ Kxd6 42. Be2 g5 43. Kc3 g4 44. Kd3 g3 45. Nxe3 Ke6 46. Bf3 Kf6 47. Ng4+ Kf5 48. Ne5 Kf4 49. Bg2 Re6 50. Ke2 Rh6 51. Nf3 Rh7 52. Kd3 a5 53. bxa5 Ra7 54. Nd2 Rxa5 55. Nb1 Ra7 56. Ke2 Re7+ 57. Kd2 Re3 58. Nc3 Re7 59. Ne2+ Kg4 60. Nc3 Rf7 61. Nd1 Rh7 62. Ne3+ Kf4 63. Kd3 Rf7 64. Nf1 Ra7 65. Kc3 Rxa3+ 66. Kb4 Ra2 67. Bxd5 cxd5 68. Nxg3 Kxg3 69. Kxb5 Kf4 70. Kb4 Ke4 71. Kc5 Rc2+ 0-1

[Event "Hennebont Grand Prix"]
[Site "Hennebont"]
[Date "2006.08.05"]
[Round "1"]
[White "Boucaud, Anthony"]
[Black "Delescluse, Oriane"]
[Result "1/2-1/2"]
[WhiteElo "1700"]
[BlackElo "1490"]
[PlyCount "116"]
[EventDate "2006.08.05"]
[EventType "swiss"]
[EventRounds "7"]
[EventCountry "FRA"]
[SourceTitle "EXT 2007"]
[Source "ChessBase"]
[SourceDate "2006.11.23"]
[SourceVersion "1"]
[SourceVersionDate "2006.11.23"]
[SourceQuality "1"]

1. e4 d6 2. d4 e5 3. dxe5 dxe5 4. Qxd8+ Kxd8 5. Bc4 Be6 6. Bxe6 fxe6 7. Nf3 Bd6 8. 0-0 Nf6 9. Nc3 Nbd7 10. Bg5 Ke7 11. Ne1 Rhf8 12. Nd3 h6 13. Bxf6+ Nxf6 14. f4 Nd7 15. Rae1 Rae8 16. Nb5 a6 17. Nxd6 cxd6 18. fxe5 Nxe5 19. Nxe5 dxe5 20. Rf3 Rd8 21. Kf2 Rd2+ 22. Re2 Rfd8 23. Rb3 Rxe2+ 24. Kxe2 Rd7 25. a4 Rc7 26. Kd3 Rd7+ 27. Ke3 Rc7 28. c3 Kd8 29. Ra3 Ke7 30. b4 Rc8 31. Rb3 Kd7 32. Kd3 Ra8 33. b5 a5 34. b6 Ra6 35. Rb5 Kd6 36. g4 Ra8 37. c4 Ra6 38. c5+ Kc6 39. Kc4 Ra8 40. Kd3 Rd8+ 41. Ke3 Rd4 42. Rxa5 Rc4 43. Rb5 Rxa4 44. Rb2 Rc4 45. h4 Rxc5 46. Rf2 Kxb6 47. Rf7 Rc7 48. Rf8 Re7 49. g5 hxg5 50. hxg5 Kc7 51. g6 Kd7 52. Kd3 b6 53. Kc4 Re8 54. Rf7+ Re7 55. Rf3 Ke8 56. Kb5 Rd7 57. Kxb6 Rd4 58. Re3 Ke7 1/2-1/2